230 lời giải về bệnh tật trẻ em
Đã lưu trong:
| Formáid: | Leabhar |
|---|---|
| Teanga: | Undetermined |
| Ábhair: | |
| Rochtain Ar Líne: | http://lrc.tdmu.edu.vn/opac/search/detail.asp?aID=2&ID=7900 |
| Clibeanna: |
Cuir Clib Leis
Gan Chlibeanna, Bí ar an gcéad duine leis an taifead seo a chlibeáil!
|
| Thư viện lưu trữ: | Trung tâm Học liệu Trường Đại học Thủ Dầu Một |
|---|
| LEADER | 00403nam a2200109Ia 4500 | ||
|---|---|---|---|
| 001 | TDMU_7900 | ||
| 008 | 210410s9999 xx 000 0 und d | ||
| 082 | |a 618.92 | ||
| 245 | 0 | |a 230 lời giải về bệnh tật trẻ em | |
| 650 | |a Y khoa |x Bệnh trẻ em | ||
| 856 | |u http://lrc.tdmu.edu.vn/opac/search/detail.asp?aID=2&ID=7900 | ||
| 980 | |a Trung tâm Học liệu Trường Đại học Thủ Dầu Một | ||